00588nam a2200181 a 450000100100000000500170001000800410002702000150006804000250008310000270010824500390013526000360017430000210021049000230023183000300025495201050028499900170038900004402420201002045111.0140513s2000 sp 000 0 spa d a8484500306 aDO-SdBNPbspacBNPHU1 aGiner, Salvador97200214aLos Españoles /cSalvador Giner. aBarcelona :bDebolsillo,c2000. a190 p. ;c19 cm.1 aCírculo Cuadrado 0aCírculo Cuadrado969798 001050718MOaGRbGRcCTd2014-05-13iLF1l0o p44024-10r2020-06-25w2020-06-25y1ZNo se presta c43513d43513